00871nam a2200241 a 450000100060000000300080000600500170001400800410003103500190007204000320009104100080012308200260013110000250015724501250018226000890030730000350039650000160043150400320044765000400047965000310051970000340055083000450058433500BD-RjUL20211209052023.0840210s1979 dcua b 000 0 eng  a(BD-RjUL)33591 aDLCcDLCdDLCdBD-RjULbeng aeng00a370.954219bHEI 19791 aHeyneman, Stephen P.10aInvestment in Indian education, uneconomic? /cPrepared by Stephen P. Heyneman with the assistance of Pamela Cope Mintz. aWashington, D.C., U.S.A. (1818 H St., N.W., Washington 20433) :bWorld Bank,cc1979. a56, 2 Leaves :bill. ;c28 cm. a"May 1979." aBibliography: Leaves 18-23. 0aEducationxEconomic aspectszIndia. 0aEducationzIndiaxFinance.1 aMintz, Pamela Cope, Jt. auth. aWorld Bank staff working paper ; no. 327